Lectures on elementary number theory / (Record no. 7786)
[ view plain ]
| 000 -LEADER | |
|---|---|
| fixed length control field | 00778cam a22002531 4500 |
| 001 - CONTROL NUMBER | |
| control field | 7786 |
| 003 - CONTROL NUMBER IDENTIFIER | |
| rucl marc code | BD-RjUL |
| 005 - DATE AND TIME OF LATEST TRANSACTION | |
| control field | 20211208234457.0 |
| 008 - FIXED-LENGTH DATA ELEMENTS--GENERAL INFORMATION | |
| fixed length control field | 140115s1964 nyua 001 0 eng |
| 035 ## - SYSTEM CONTROL NUMBER | |
| System control number | (BD-RjUL)7830 |
| 040 ## - CATALOGING SOURCE | |
| Original cataloging agency | DLC |
| Transcribing agency | DLC |
| Modifying agency | DLC |
| -- | BD-RjUL |
| Language of cataloging | eng |
| 041 ## - LANGUAGE CODE | |
| Language code of text/sound track or separate title | eng |
| 082 00 - DEWEY DECIMAL CLASSIFICATION NUMBER | |
| Classification number | 512.81 |
| Author mark and year | RAL 1964 |
| 100 1# - MAIN ENTRY--PERSONAL NAME | |
| Personal name | Rademacher, Hans, |
| Dates associated with a name | 1892-1969. |
| 9 (RLIN) | 24290 |
| 245 10 - TITLE STATEMENT | |
| Title | Lectures on elementary number theory / |
| Statement of responsibility, etc. | Hans Rademacher |
| 260 ## - PUBLICATION, DISTRIBUTION, ETC. (IMPRINT) | |
| Place of publication, distribution, etc. | New York : |
| Name of publisher, distributor, etc. | Blaisdell Pub. Co. , |
| Date of publication, distribution, etc. | c1964 |
| 300 ## - PHYSICAL DESCRIPTION | |
| Pagination | ix, 146 p. : |
| Illustrations | illus. ; |
| Size | 23 cm. |
| 490 0# - SERIES STATEMENT | |
| Series statement | A Blaisdell book in the pure and applied sciences. Introduction to higher mathematics |
| 504 ## - BIBLIOGRAPHY, ETC. NOTE | |
| Bibliography, etc | Includes index. |
| 650 #0 - SUBJECT ADDED ENTRY--TOPICAL TERM | |
| Topical term or geographic name as entry element | Number theory. |
| 9 (RLIN) | 24291 |
| 942 ## - ADDED ENTRY ELEMENTS (KOHA) | |
| Source of classification or shelving scheme | Dewey Decimal Classification |
| Koha item type | Books |
| Lost status | Source of classification or shelving scheme | Damaged status | Not for loan | Collection code | Permanent Location | Current Location | Shelving location | Date acquired | Source of acquisition | Cost, normal purchase price | Total Checkouts | Full call number | Date last seen | Date checked out | Copy number | Koha item type | Checked out |
|---|---|---|---|---|---|---|---|---|---|---|---|---|---|---|---|---|---|
| Dewey Decimal Classification | Non-fiction | Central Library, University of Rajshahi | Central Library, University of Rajshahi | 11/12/1968 | Zeitlinger | 62.00 | 1 | 512.81 RAL 1964 | 31/03/2026 | 02/03/2026 | C-2 | Books | |||||
| Dewey Decimal Classification | Non-fiction | Central Library, University of Rajshahi | Central Library, University of Rajshahi | 11/12/1968 | Zeetlinger | 62.00 | 2 | 512.81 RAL 1964 | 15/04/2026 | 15/04/2026 | C-3 | Books | 30/04/2026 |